Geology and tectonics of the southeastern Ladakh and Karakorm / (Record no. 38208)

MARC details
000 -LEADER
fixed length control field 00860nam a22002177a 4500
005 - DATE AND TIME OF LATEST TRANSACTION
control field 20100730112439.0
010 ## - LCCN (DPL NO)
LC control number ENG-97459
020 ## - INTERNATIONAL STANDARD BOOK NUMBER
International Standard Book Number 8185867946
Terms of availability 100.00
035 ## - SYSTEM CONTROL NUMBER
System control number EN-80992
037 ## - SOURCE OF ACQUISITION
Source of stock number/acquisition DBAD/PUB
082 ## - DEWEY DECIMAL CLASSIFICATION NUMBER
Classification number 551.09543
100 ## - MAIN ENTRY--PERSONAL NAME
Personal name Jain, A. K.
245 ## - TITLE STATEMENT
Title Geology and tectonics of the southeastern Ladakh and Karakorm /
Statement of responsibility, etc by A. K. Jain and Sandeep Sing
260 ## - PUBLICATION, DISTRIBUTION, ETC. (IMPRINT)
Place of publication, distribution, etc Bangalore
Name of publisher, distributor, etc Geological Society of India
Date of publication, distribution, etc 2009
270 ## - ADDRESS
Address P. B. No. 1922, Gavipuram P. O., Banglore
City Banglore
Postal code 560019
300 ## - PHYSICAL DESCRIPTION
Extent xii, 181 p.
Dimensions 26cm (Pbk)
Other physical details ill
500 ## - GENERAL NOTE
General note Includes bibliographical references
700 ## - ADDED ENTRY--PERSONAL NAME
Personal name Sandeep Singh
9 (RLIN) 1706
942 ## - ADDED ENTRY ELEMENTS (KOHA)
Source of classification or shelving scheme Dewey Decimal Classification
Item type English Books
Classification part 551.09543
Call number suffix JAN
Holdings
Withdrawn status Lost status Not for loan Collection code Home library Current library Date acquired Source of acquisition Cost, normal purchase price Full call number Barcode Copy number Cost, replacement price Koha item type
    Not For Loan Non-fiction D.B.Act.Division D.B.Act.Division 30/07/2010 100.00 100.00 551.09543 JAN EN-80992 1 100.00 English Books

© Delhi Public Library
Hit Counter
free hit counter